Giáo trình khoa học trái đất
Trái đất trong không gian. Cấu trúc và thành phần trái đất. Địa hình và cảnh quan trái đất. Thạch quyển và hoạt đông địa chất nội sinh, ngoại sinh của vỏ thạch quyển. Thủy quyển và hoạt động địa chất của biển. Khí quyển. Sinh quyển. Trái đất và con người....
Gorde:
| Egile nagusia: | |
|---|---|
| Beste egile batzuk: | |
| Formatua: | Liburua |
| Hizkuntza: | Vietnamese |
| Argitaratua: |
H.
Giáo dục Việt Nam
2015
|
| Edizioa: | Tái bản lần thứ năm |
| Gaiak: | |
| Etiketak: |
Etiketa erantsi
Etiketarik gabe, Izan zaitez lehena erregistro honi etiketa jartzen!
|
| Thư viện lưu trữ: | Mạng thư viện Đại học Đà Nẵng |
|---|
| LEADER | 01431nam a2200337 4500 | ||
|---|---|---|---|
| 001 | 000025220 | ||
| 003 | 21713 | ||
| 005 | 20170601090625.0 | ||
| 008 | 170601s2015 viesd | ||
| 020 | |c 65000 | ||
| 041 | 0 | |a vie | |
| 082 | 1 | 4 | |a 550.7 |b LƯ-H |
| 100 | 1 | |a Lưu Đức Hải | |
| 245 | 1 | 0 | |a Giáo trình khoa học trái đất |c Lưu Đức Hải, Trần Nghi |
| 250 | |a Tái bản lần thứ năm | ||
| 260 | |a H. |b Giáo dục Việt Nam |c 2015 | ||
| 300 | |a 315tr. |b hình ảnh |c 24 cm. | ||
| 520 | 3 | |a Trái đất trong không gian. Cấu trúc và thành phần trái đất. Địa hình và cảnh quan trái đất. Thạch quyển và hoạt đông địa chất nội sinh, ngoại sinh của vỏ thạch quyển. Thủy quyển và hoạt động địa chất của biển. Khí quyển. Sinh quyển. Trái đất và con người. | |
| 650 | 0 | 4 | |a Khoa học trái đất |v Giáo trình |
| 653 | |a Khoa học Trái đất | ||
| 700 | 1 | |a Trần Nghi | |
| OWN | |a LSP | ||
| AVA | |a UDN50 |b LSP |d 550.7 LƯ-H |e check_holdings |t Error 5003 Not defined in file expand_doc_bib_avail. |h N |k 1 | ||
| 999 | |a From the UDN01 | ||
| AVA | |a UDN50 |b LSP |d 550.7 LƯ-H |e available |t Error 5001 Not defined in file expand_doc_bib_avail. |f 22 |g 5 |h N |i 6 |k 1 | ||
| TYP | |a Monograph | ||
| TYP | |a Printed language | ||
| 980 | |a Mạng thư viện Đại học Đà Nẵng | ||